Bhāratīya Hindī Parishad: rajata jayantī samāroha aṅka, 1942-1967. (Record no. 81174)

MARC details
000 -LEADER
fixed length control field 00736cam a22002651 4500
001 - CONTROL NUMBER
control field sa 68006211
003 - CONTROL NUMBER IDENTIFIER
control field DLC
005 - DATE AND TIME OF LATEST TRANSACTION
control field 20260227112514.0
008 - FIXED-LENGTH DATA ELEMENTS--GENERAL INFORMATION
fixed length control field 891019s1967 ii 000 0 hino
010 ## - LIBRARY OF CONGRESS CONTROL NUMBER
LC control number sa 68006211
035 ## - SYSTEM CONTROL NUMBER
System control number (OCoLC)20514331
040 ## - CATALOGING SOURCE
Original cataloging agency DLC
Transcribing agency WaU
Modifying agency DLC
041 0# - LANGUAGE CODE
Language code of text/sound track or separate title hineng
042 ## - AUTHENTICATION CODE
Authentication code premarc
050 00 - LIBRARY OF CONGRESS CALL NUMBER
Classification number PK1931
Item number .B52
110 2# - MAIN ENTRY--CORPORATE NAME
Corporate name or jurisdiction name as entry element Bharatiya Hindi Parishad.
245 00 - TITLE STATEMENT
Title Bhāratīya Hindī Parishad: rajata jayantī samāroha aṅka, 1942-1967.
260 ## - PUBLICATION, DISTRIBUTION, ETC.
Date of publication, distribution, etc. [1967]
300 ## - PHYSICAL DESCRIPTION
Extent 290 p.
Dimensions 25 cm.
500 ## - GENERAL NOTE
General note English and Hindi.
650 #0 - SUBJECT ADDED ENTRY--TOPICAL TERM
Topical term or geographic name entry element Hindi philology.
700 1# - ADDED ENTRY--PERSONAL NAME
Personal name Loṛhā, Kalyāṇamala.
700 1# - ADDED ENTRY--PERSONAL NAME
Personal name Śukla, Govardhananātha,
Dates associated with a name 1915-
700 1# - ADDED ENTRY--PERSONAL NAME
Personal name Chaturvedi, Ramswarup,
Dates associated with a name 1931-

No items available.

Powered by Koha